[Event "Rio Grande op 22nd"]
[Site "Rio Grande"]
[Date "2022.10.21"]
[Round "6"]
[White "Zsilavecz, Daniel"]
[Black "Magas Varas, Rodrigo"]
[Result "0-1"]
[WhiteElo "1576"]
[BlackElo "2069"]
[PlyCount "100"]
[EventDate "2022.10.19"]
[EventType "swiss"]
[EventRounds "7"]
[EventCountry "ARG"]
[SourceTitle "EXT 2024"]
[Source "ChessBase"]
[SourceDate "2023.10.10"]
[SourceVersion "1"]
[SourceVersionDate "2023.10.10"]
[SourceQuality "1"]

1. e4 c5 2. Bc4 e6 3. Nc3 a6 4. a4 Nc6 5. d3 g6 6. Nge2 Bg7 7. 0-0 Nge7 8. Bg5 h6 9. Bh4 g5 10. Bg3 d5 11. exd5 exd5 12. Bb3 Be6 13. f4 Nf5 14. Bf2 Nfd4 15. f5 Nxf5 16. Bxc5 b6 17. Ba3 Ne3 18. Qd2 Nxf1 19. Rxf1 Nd4 20. Nxd4 Bxd4+ 21. Kh1 Bc5 22. Qe2 0-0 23. Bxc5 bxc5 24. Qh5 Kg7 25. Qf3 c4 26. dxc4 dxc4 27. Ba2 Rb8 28. Rb1 Qf6 29. Qxf6+ Kxf6 30. Ne4+ Kg7 31. Nc5 Rfc8 32. b4 cxb3 33. Nxe6+ fxe6 34. Bxb3 e5 35. h3 e4 36. Re1 Re8 37. Re3 Kf6 38. Bc4 Rb4 39. Bxa6 Rxa4 40. Bb5 Ra1+ 41. Kh2 Re7 42. c4 Ke5 43. Kg3 Kd4 44. Re2 e3 45. h4 Re5 46. h5 Rxb5 47. cxb5 Kd3 48. Rb2 e2 49. b6 e1Q+ 50. Kg4 Qe4+ 0-1

[Event "Rio Grande op 19th"]
[Site "Rio Grande"]
[Date "2019.07.09"]
[Round "7"]
[White "Alderete, Tomas"]
[Black "Zsilavecz, Daniel"]
[Result "1-0"]
[WhiteElo "1516"]
[BlackElo "1657"]
[PlyCount "51"]
[EventDate "2019.07.05"]
[EventType "swiss"]
[EventRounds "7"]
[EventCountry "ARG"]
[SourceTitle "EXT 2020"]
[Source "ChessBase"]
[SourceDate "2019.10.17"]
[SourceVersion "1"]
[SourceVersionDate "2019.10.17"]
[SourceQuality "1"]

1. e4 c5 2. Nc3 g6 3. g3 Bg7 4. Bg2 e5 5. Nge2 Nc6 6. 0-0 Nge7 7. Nd5 0-0 8. d3 d6 9. c3 Nxd5 10. exd5 Ne7 11. f4 f5 12. fxe5 dxe5 13. Bg5 h6 14. Bxe7 Qxe7 15. Qb3 Kh7 16. Rae1 Rb8 17. Qa3 a6 18. d4 b6 19. dxe5 Bxe5 20. Nd4 Qd6 21. Nc6 Ra8 22. Rxe5 Bd7 23. Rfe1 b5 24. c4 bxc4 25. Qc3 f4 26. Re7+ 1-0